Sports Quiz

Random Sports or Famous Quiz
Score 0/20 Timer 06:00
30 Plays Today
% Correct
Carlos Tevez
95.3%
Mario Balotelli
95.2%
Ronaldinho
86.3%
Sol Campbell
82.3%
Peter Crouch
80.9%
Mario Götze
79.6%
Johan Cruyff
78.2%
Roberto Carlos
70.9%
Emile Heskey
66.3%
Jens Lehmann
64.4%
% Correct
Luis Enrique
64.3%
Aleksandar Kolarov
60.6%
Hatem Ben Arfa
58.7%
Fábio Coentrão
55.1%
Anderson
46.5%
Abel Xavier
36.2%
Gabriel Batistuta
34.4%
Kenny Miller
33.8%
Chris Waddle
27.5%
Colin Kazim-Richards
20.1%
Remove Ads.
Support Sporcle.
Get the best of Sporcle when you Go Orange. This ad-free experience offers more features, more stats, and more fun while also helping to support Sporcle. Thank you for becoming a member.

You're not logged in!

Compare scores with friends on all Sporcle quizzes.
OR
Log In

Sporcle TV

Today on Sporcle TV


Watch our educational content, quiz creation guides, and fun videos on Sporcle TV.

Show Comments

Extras

Top Quizzes Today


Score Distribution

Paid Content

Your Account Isn't Verified!

In order to create a playlist on Sporcle, you need to verify the email address you used during registration. Go to your Sporcle Settings to finish the process.

Report this User

Report this user for behavior that violates our Community Guidelines.

Details: